O mundo dos animais (Record no. 155372)

MARC details
000 -LÍDER
campo de controle de tamanho fixo 00264 a2200121 4500
001 - NÚMERO DE CONTROLE
campo de controle 155372
040 ## - FONTE DA CATALOGAÇÃO
Instituição que transcreveu o registro Escola São Tomás de Aquino
240 10 - TÍTULO UNIFORME
Título uniforme O mundo dos animais
Idioma da obra por
245 10 - TÍTULO
Título O mundo dos animais
362 0# - DATAS DE PUBLICAÇÃO E/OU DESIGNAÇÃO SEQUENCIAL
Datas de publicação e/ou designação sequencial 1985
697 ## - ENTRADA DE ASSUNTO LOCAL--ENTIDADE COLETIVA (RLIN)
Nome corporativo ou nome da jurisdição CIÊNCIAS
942 ## - ELEMENTOS DE ENTRADA ADICIONADOS (KOHA)
Tipo de material Koha Livros
Holdings
Situação do descarte Situação das perdas Situação física Não pode ser emprestado Biblioteca de origem Biblioteca atual Data de aquisição Total de empréstimos Número de chamada completo Código de barras Data de último acesso Data do preço efetivo Tipo de material Koha
        ESTA - SÃO BENTO ESTA - SÃO BENTO 30/04/2024   500 MUN EST00009454 30/04/2024 30/04/2024 Livros